Introduction to banking
Offers a comprehensive insight into the business of banking, providing up-to-date information about the impact of the financial crisis upon the banking sector globally and the far-reaching regulatory reforms. Written by expert authors, this book covers both theoretical and applied issues relating to...
Saved in:
| Main Author: | |
|---|---|
| Format: | Book |
| Language: | Undetermined |
| Published: |
Harlow
Pearson
2015
|
| Subjects: | |
| Tags: |
Add Tag
No Tags, Be the first to tag this record!
|
| Institutions: | Trung tâm Học liệu Trường Đại học Cần Thơ |
|---|
| LEADER | 01030nam a2200217Ia 4500 | ||
|---|---|---|---|
| 001 | CTU_223897 | ||
| 008 | 210402s9999 xx 000 0 und d | ||
| 020 | |c 759000 | ||
| 082 | |a 332.1 | ||
| 082 | |b C355 | ||
| 100 | |a Casu, Barbara | ||
| 245 | 0 | |a Introduction to banking | |
| 245 | 0 | |c Barbara Casu, Claudia Girardone, Philip Molyneux. | |
| 260 | |a Harlow | ||
| 260 | |b Pearson | ||
| 260 | |c 2015 | ||
| 520 | |a Offers a comprehensive insight into the business of banking, providing up-to-date information about the impact of the financial crisis upon the banking sector globally and the far-reaching regulatory reforms. Written by expert authors, this book covers both theoretical and applied issues relating to the global banking industry, highlighted by examples from across Europe and the wider international arena | ||
| 650 | |a Ngân hàng,Banks and banking,Bank management,Bank management | ||
| 650 | |z Châu Âu,Europe,Europe,Europe | ||
| 910 | |b vdbang | ||
| 980 | |a Trung tâm Học liệu Trường Đại học Cần Thơ | ||